000 00317nam a2200109Ia 4500
008 200302s9999 xx 000 0 und d
100 _aDeo Prakash Sharma and Others
245 _aGlimpses of Harappan Archaeology (Circa 2700-2000 B. C.)
260 _bBharatiya Kala Prakahan Delhi
260 _c2006
300 _a178 P.,
999 _c3895
_d3895